Hydrology water quantity and quality control. (Record no. 544738)

000 -LEADER
fixed length control field 00400nam a22001337a 4500
082 ## - DEWEY DECIMAL CLASSIFICATION NUMBER
Classification number 551.48
Author Mark WAN
-- D.
100 ## - MAIN ENTRY--PERSONAL NAME
Personal name Wanielista, Martin.
9 (RLIN) 40457
245 ## - TITLE STATEMENT
Title Hydrology water quantity and quality control.
Statement of responsibility, etc. Martin Wanielista.
260 ## - PUBLICATION, DISTRIBUTION, ETC.
Place of publication, distribution, etc. New York
Name of publisher, distributor, etc. John Wiley & Sons, Lnc.
300 ## - PHYSICAL DESCRIPTION
Extent xiii, 567 P.;
Other physical details ill.
526 ## - STUDY PROGRAM INFORMATION NOTE
Program name 0
Interest level 0
Reading level 0
Title point value 551_480000000000000_WAN
650 ## - SUBJECT ADDED ENTRY--TOPICAL TERM
Topical term or geographic name entry element MCE
9 (RLIN) 379
942 ## - ADDED ENTRY ELEMENTS (KOHA)
Source of classification or shelving scheme
Koha item type Book
Holdings
Withdrawn status Lost status Source of classification or shelving scheme Damaged status Not for loan Permanent Location Current Location Date acquired Total Checkouts Full call number Barcode Date last seen Date last checked out Price effective from Koha item type
          Military College of Engineering (MCE) Military College of Engineering (MCE) 05/09/2014 1 551.48 WAN MCE-44241 10/16/2017 08/20/2015 05/09/2014 Book
© 2023 Central Library, National University of Sciences and Technology. All Rights Reserved.